000 00621nam a2200193 a 4500
001 0650
005 20140414131908.0
008 040131s19uu xx 00 eng d
020 _a0-8136-5193-x
050 _aER
_bM27 1987
100 _aAdams, Phyllis
245 _aMagnet magic /
_cPhyllis, Adam.
260 _aCleveland, Ohio :
_bModern Curriculum,
_c1987.
300 _a31 p. ; cm.
520 _aWhen two children go to the hardware store to buy some nails, the storekeeper shows them some things one can do with a magnet.
650 _aMagnets
_xFiction.
650 _aAfro-American
_xFiction.
999 _c111032
_d111032